Enfermedades del corazón / (Record no. 134380)

MARC details
000 -LEADER
campo de control de longitud fija 00767nam a22002051 4500
001 - NÚMERO DE CONTROL
campo de control 134380
003 - IDENTIFICADOR DE NÚMERO DE CONTROL
campo de control ES-MaACL
007 - CAMPO FIJO DE DESCRIPCIÓN FÍSICA--INFORMACIÓN GENERAL
campo de control de longitud fija t|
008 - DATOS DE LONGITUD FIJA--INFORMACIÓN GENERAL
campo de control de longitud fija 070910s1946 ag ||||0| spa d
016 7# - NÚMERO DE CONTROL DE UNA AGENCIA BIBLIOGRÁFICA NACIONAL
Número de control cancelado/no válido IND2000944286
040 ## - FUENTE DE CATALOGACIÓN
Centro catalogador/agencia de origen M-BN
Lengua de catalogación spa
Centro/agencia transcriptor CDM
100 1# - ENTRADA PRINCIPAL--NOMBRE DE PERSONA
Nombre de persona White, Paul Dudley.
9 (RLIN) 116682
245 10 - MENCIÓN DEL TÍTULO
Título Enfermedades del corazón /
Mención de responsabilidad, etc. Paul Dudley White ; versión castellana del Dr. Ricardo Antín ; prologada y supervisada por el Dr. Pedro Cossío.
250 ## - MENCION DE EDICION
Mención de edición 3ª ed. completamente rev.
260 ## - PUBLICACIÓN, DISTRIBUCIÓN, ETC.
Lugar de publicación, distribución, etc. Buenos Aires :
Nombre del editor, distribuidor, etc. El Ateneo,
Fecha de publicación, distribución, etc. 1946 (
Fabricante Compañía Impresora Argentina)
300 ## - DESCRIPCIÓN FÍSICA
Extensión XXII p., 1 h., 1056 p., 1 h., 1 h. de lám., 1 h :
Otras características físicas il ;
Dimensiones 25 cm.
700 1# - ENTRADA AGREGADA--NOMBRE PERSONAL
Nombre de persona Antín, Ricardo.
9 (RLIN) 21904
700 1# - ENTRADA AGREGADA--NOMBRE PERSONAL
Nombre de persona Cossío, Pedro.
9 (RLIN) 41023
852 ## - LOCALIZACIÓN
Ubicación ES-MaACL
Número de control de estantería E-2344
Sublocalización o colección R.25276
Holdings
Estatus retirado Estado de pérdida Estado de daño No para préstamo Biblioteca de origen Biblioteca actual Ubicación en estantería Fecha de adquisición Fuente de adquisición Total de préstamos Signatura topográfica completa Código de barras Visto por última vez Precio de reemplazo Tipo de ítem Koha
        Biblioteca del Ateneo de Madrid Biblioteca del Ateneo de Madrid Depósito 2 17/01/2008     E-2344 1139877 23/02/2023 23/02/2023 Libro impreso